000 00314nam a22001337a 4500
008 180226b xxu||||| |||| 00| 0 eng d
020 _a9780256069747
041 _aeng
080 _26th
_a159.9
100 _a48
101 _aPSI
245 _aCommunication& interpersonal relations
_cHaney,W.H
942 _2udc
_cBK
999 _c43431
_d43431